Statistics for Most Popular Language on Duolingo

Click here to take the quiz!

General Stats

  • This quiz has been taken 56 times
  • The average score is 13 of 15

Answer Stats

Langauge knownlangauge being Learnt% Correct
SpanishFrench
98%
EnglishFrench
98%
ArabicFrench
98%
ChineseFrench
98%
FrenchItalian
98%
SpanishItalian
98%
EnglishGerman
92%
FrenchGerman
92%
ArabicGerman
92%
EnglishJapanese
92%
ChineseJapanese
92%
FrenchPortuguese
86%
ChineseKorean
82%
ArabicSwedish
56%
SpanishPortugese
10%

Score Distribution

Percentile by Number Answered

Percent of People with Each Score

Your Score History

You have not taken this quiz